000 00823nam a2200193 i 4500
001 86314
003 ES-MaACL
007 t|
008 041227s2003 sp ||||1| spa d
024 8 _aNIPO 201-03-127-1
245 0 0 _aPublicaciones del Instituto de Reformas Sociales (1903-1924) [
_hRecurso electrónico].
260 _aMadrid :
_bMinisterio de Trabajo y Asuntos Sociales,
_c[2003]
300 _a1 Dvd ;
_c12 cm.
500 _aCaracterísticas del sistema: PC Pentium MMX 133 o superior; s.o. windows 95, 98 o NT; 64 MB de Ram, lector DVD-Rom, Monitor SVGA.
500 _aEdición conmemorativa del primer centenario de la creación del Instituto de Reformas Sociales.
610 2 4 _aInstituto de Reformas Sociales (España)-
_xPublicaciones-
_vDVD
_95001
852 _aES-MaACL
_jROT 1/5/18
999 _c86314
_d86314